Network security : (Record no. 175277)
[ view plain ]
| 000 -LEADER | |
|---|---|
| fixed length control field | 01146 a2200205 4500 |
| 003 - CONTROL NUMBER IDENTIFIER | |
| control field | Nust |
| 005 - DATE AND TIME OF LATEST TRANSACTION | |
| control field | 20221010113151.0 |
| 010 ## - LIBRARY OF CONGRESS CONTROL NUMBER | |
| LC control number | 94020430 |
| 020 ## - INTERNATIONAL STANDARD BOOK NUMBER | |
| International Standard Book Number | 0070051194 : |
| 020 ## - INTERNATIONAL STANDARD BOOK NUMBER | |
| International Standard Book Number | 0070051410 (pbk.) : |
| 040 ## - CATALOGING SOURCE | |
| Transcribing agency | Nust |
| 082 00 - DEWEY DECIMAL CLASSIFICATION NUMBER | |
| Classification number | 658.478,BAK |
| 100 1# - MAIN ENTRY--PERSONAL NAME | |
| Personal name | Baker, Richard H. |
| 9 (RLIN) | 99636 |
| 245 10 - TITLE STATEMENT | |
| Title | Network security : |
| Remainder of title | how to plan for it and achieve it / |
| Statement of responsibility, etc. | Richard H. Baker. |
| 260 ## - PUBLICATION, DISTRIBUTION, ETC. | |
| Place of publication, distribution, etc. | New York : |
| Name of publisher, distributor, etc. | McGraw-Hill, |
| Date of publication, distribution, etc. | c1995. |
| 300 ## - PHYSICAL DESCRIPTION | |
| Extent | xx, 456 p. : |
| Other physical details | ill. ; |
| Dimensions | 25 cm. |
| 505 ## - FORMATTED CONTENTS NOTE | |
| Formatted contents note | How can you Lock an Open Door (Page-1), Building a Security Plan (Page-21), Security is a People Problem (Page-41), Assessing your Risks (Page-59), Controlling Physical Access (Page-85), Building Security Procedures (Page-111), Hardware and Software Security (Page-131), Security the Desktop (Page-165), Securing the Local Area Network (Page-183), Securing the Enterprise Network (Page-205), Managing the Enterprise Network (Page-229), The New Epidemic of Viruses (Page-245), A Disaster Need Not Be Desastrous (Page-263), Electronic Mail and other Legal Problems (Page-281). |
| 650 #0 - SUBJECT ADDED ENTRY--TOPICAL TERM | |
| Topical term or geographic name entry element | Computer networks |
| General subdivision | Security measures. |
| 9 (RLIN) | 466 |
| 942 ## - ADDED ENTRY ELEMENTS (KOHA) | |
| Koha item type | Reference |
| Source of classification or shelving scheme | |
| Withdrawn status | Lost status | Source of classification or shelving scheme | Damaged status | Not for loan | Permanent Location | Current Location | Shelving location | Date acquired | Full call number | Barcode | Date last seen | Price effective from | Koha item type | Public note |
|---|---|---|---|---|---|---|---|---|---|---|---|---|---|---|
| Military College of Signals (MCS) | Military College of Signals (MCS) | Reference | 12/12/2016 | 658.478,BAK | MCS7294 | 12/08/2016 | 12/12/2016 | Reference | Amirah No.24, Shelf No.5 |
